00478nam a2200157Ia 45000010006000000050017000060080041000230410008000640820015000721000043000872450137001302600009002673000028002766500008003046540008003122120120260306172902.0260306t2024||||xx |||||||||||||| ||spa|| aESP a344.2bM42 aMendiguri Peralta, David Rosario,eAUT 0aEl dolo como magnitud graduable :bcómo determinar la pena según la intensidad de dolo. Análisis doctrinario y jurisprudencial c2024 a414 páginas :c25 cm. aGEN aCDE